| 000 | 00956cam a2200313 a 4500 | ||
|---|---|---|---|
| 001 | 12289379 | ||
| 003 | OSt | ||
| 005 | 20250417133955.0 | ||
| 008 | 010125r20021960nyu 000 1 eng | ||
| 010 | _a 2001016794 | ||
| 020 | _a9780060935467 (pbk.) | ||
| 040 |
_aDLC _cDLC _dDLC _dKCST |
||
| 043 | _an-usu-- | ||
| 050 | 0 | 0 |
_aPS3562.E353 _bT6 2002 |
| 082 | 0 | 0 |
_a813.54 _221 |
| 100 | 1 |
_aLee, Harper. _915 |
|
| 245 | 1 | 0 |
_aTo kill a mockingbird / _cHarper Lee. |
| 250 | _a1st Perennial classics ed. | ||
| 260 |
_aNew York : _bHarperCollins, _c2002, c1960. |
||
| 300 |
_a323 p. ; _c21 cm. |
||
| 490 | 0 | _aPerennial classics | |
| 650 | 0 |
_aFathers and daughters _vFiction. _916 |
|
| 650 | 0 |
_aRace relations _vFiction. _918 |
|
| 650 | 0 |
_aTrials (Rape) _vFiction. _919 |
|
| 650 | 0 |
_aGirls _vFiction. _920 |
|
| 655 | 7 |
_aDomestic fiction. _2lcsh _921 |
|
| 856 | 4 | 2 |
_3Publisher description _uhttp://www.loc.gov/catdir/description/hc042/2001016794.html |
| 942 |
_2ddc _cBK |
||
| 999 |
_c21 _d21 |
||